000 07247cam a22020414i 4500
003 PE-LiUPU
005 20250813165925.0
008 140814s2012 mx a rb 000 0 spa d
020 _a6071506859
020 _a9786071506856
035 _a(Sirsi) i9786071506856
035 _a(Sirsi) 50899
035 _a(Sirsi) 50899
049 _aPRUA
082 0 4 _a610.7306
_bB17
100 1 _aBalderas Pedrero, María de la Luz,
_eautor.
245 1 0 _aAdministración de los servicios de enfermería /
_cMaría de la Luz Balderas Pedrero.
250 _aSexta edición.
264 1 _aMéxico :
_bMcGraw-Hill / Interamericana,
_c2012.
300 _axx, 405 páginas :
_bilustraciones ;
_c23 centímetros
336 _atext
_btxt
_2rdacontent
337 _aunmediated
_bn
_2rdamedia
338 _avolume
_bnc
_2rdacarrier
504 _aBibliografía: página 397.
504 _aÍndice: página 399.
505 0 _aTeoría general de la administración -- Antecedentes históricos -- El paradigma clásico -- Periodo neoclásico de la administración -- Enfoques contemporáneos de la administración -- Conceptos básicos -- Funciones administrativas -- Administración de servicios -- Las empresas de servicios -- Administración integral de servicios -- Los servicios de enfermería -- El método para proporcionar servicios de enfermería -- Técnicas e instrumentos para proporcionar servicios de enfermería -- Visión estratégica de los servicios de enfermería -- Creación de una empresa de servicios de enfermería -- Proyecto para crear un negocio de servicios de enfermería -- Administración estratégica -- Planeación y ejecución de una estrategia -- El diagnóstico interno y externo -- Administración estratégica en enfermería -- Investigación administrativa.
526 _aP203
526 _aP200
526 _aSEG65
526 _aSEG64
526 _aSEG63
526 _aSEG62
526 _aSEG61
526 _aSEG60
526 _aSEG59
526 _aSEG58
526 _aSEG57
526 _aSEG56
526 _aSEG55
526 _aSEG54
526 _aSEG53
526 _aSEG52
526 _aSEG51
526 _aSEG50
526 _aSEG49
526 _aSEG48
526 _aSEG47
526 _aSEG46
526 _aSEG24
526 _aSEG23
526 _aSEG22
526 _aSEG21
526 _aSEG20
526 _aSEG19
526 _aSEG18
526 _aSEG17
526 _aSEG16
526 _aSEG14
526 _aSEG13
526 _aSEG12
526 _aSEG11
526 _aSEG10
526 _aSEG09
526 _aSEG06
526 _aSEG05
526 _aSEG04
526 _aSEG03
526 _aSEG02
526 _aSEG68
526 _aSEG66
526 _aSEG45
526 _aSEG25
526 _aSEG01
526 _aP163
526 _aP162
526 _aP161
526 _aP160
526 _aP159
526 _aP158
526 _aP157
526 _aP156
526 _aP155
526 _aP154
526 _aP153
526 _aP152
526 _aP151
526 _aP150
526 _aP149
526 _aP142
526 _aP141
526 _aP140
526 _aP139
526 _aP138
526 _aP137
526 _aP132
526 _aP131
526 _aP130
526 _aP126
526 _aP125
526 _aP124
526 _aP123
526 _aP115
526 _aP122
526 _aP121
526 _aP116
526 _a P114
526 _aP112
526 _aP111
526 _aP104
526 _aP103
526 _aP102
526 _aP101
526 _aP100
526 _aP96
526 _aP95
526 _aP93
526 _aP92
526 _aP91
526 _aP88
526 _aP83
526 _aP82
526 _aP79
526 _aP78
526 _aP75
526 _aP74
526 _aP71
526 _aP69
526 _a P51
526 _aP49
526 _aP48
526 _aP47
526 _aP33
526 _aP31
526 _a P30
526 _aP29
526 _aP27
526 _aP26
526 _aP25
526 _aP24
526 _a P22
526 _aP10
526 _aP09
526 _a P08
526 _aP06
526 _aP05
526 _aP04
526 _aP01
541 _g0028-0000236;
650 1 4 _aHospitales
_xServicios de enfermería.
700 1 _aRivera Vergara, Octavio,
_eeditor.
910 _agl
_b
_clch
_d20130905
942 _2ddc
_cBOOK
949 _a610.7306 B17
_i67693
_lCCODEBUL1
_mBUL
_tLIBRO
_o.STAFF. Colección General
949 _aPGE 610.7306 B17
_i68354
_lCCODEBUL1
_mBUL
_tLIBRO
_o.STAFF. Colección General
949 _a610.7306 B17
_i69010
_lCCODEBUL1
_mBUL
_tLIBRO
_o.STAFF. Colección General
949 _a610.7306 B17
_i70309
_lCCODEBUL1
_mBUL
_tLIBRO
_o.STAFF. Colección General
949 _a610.7306 B17
_i70310
_lCCODEBUL1
_mBUL
_tLIBRO
_o.STAFF. Colección General
949 _a610.7 B17 2012
_wDEWEY
_c1
_iFJ06106
_lCCODEBUJ1
_mBUJ
_p38.00
_r0
_sY
_tBOOK
_u11/12/201
_xSALUD
_PP22
_0COMPRA
_o.STAFF -- Colección General Juliaca
994 _aC0
_bPEPRU
596 _a1 3
999 _a610.7306 B17
_wDEWEY
_c55280
_i67693
_d55280
_e2016-11-28
_f2021-11-25
_g5
_lCCODEBUL1
_mBUL
_n1
_p38.00
_r0
_sY
_tBOOK
_u2015-7-6
_xSALUD
_zP22
_0COMPRA
_o.CIRCNOTE. No olvidar cambiar la fecha de devolución!!!!!!!
_o.STAFF. Colección Ciencias de la Salud
999 _a610.7306 B17
_wDEWEY
_c2
_i69010
_d2015-8-12
_e2015-8-11
_f2021-11-3
_g5
_lCCODEBUL1
_mBUL
_n1
_p28.00
_r0
_sY
_tBOOK
_u2015-7-6
_xSALUD
_zP22
_0COMPRA
_o.CIRCNOTE. No olvidar cambiar la fecha de devolución!!!!!!!
_o.STAFF. Colección Ciencias de la Salud
999 _a610.7306 B17
_wDEWEY
_c3
_i70309
_d2016-7-27
_e2016-7-26
_f2021-11-3
_g5
_lCCODEBUL1
_mBUL
_n1
_p77.00
_r0
_sY
_tBOOK
_u2015-7-30
_xSALUD
_zP22
_0COMPRA
_o.CIRCNOTE. No olvidar cambiar la fecha de devolución!!!!!!!
_o.STAFF. Colección Ciencias de la Salud
999 _a610.7306 B17
_wDEWEY
_c4
_i70310
_d2019-11-6
_e2016-10-25
_f2021-11-3
_g5
_lCCODEBUL1
_mBUL
_n2
_p77.00
_q1
_r0
_sY
_tBOOK
_u2015-7-30
_xSALUD
_zP22
_0COMPRA
_o.CIRCNOTE. No olvidar cambiar la fecha de devolución!!!!!!!
_o.STAFF. Colección Ciencias de la Salud
999 _a610.7306 B17
_wDEWEY
_c5
_i77507
_f2021-11-3
_g4
_lCCODEBUL1
_mBUL
_p40.17
_r0
_sY
_tBOOK
_u2017-12-11
_xSALUD
_zP69
_0COMPRA
_o.STAFF. Colección Ciencias de la Salud
999 _a610.7306 B17
_wDEWEY
_c1
_i68354
_f2021-11-25
_g4
_lCCODEBUL1
_mBUL
_p36.00
_r0
_sY
_tBOOK
_u2015-7-6
_xSALUD
_zP69
_0COMPRA
_o.CIRCNOTE. No olvidar cambiar la fecha de devolución!!!!!!!
_o.STAFF. Colección Ciencias de la Salud
999 _a610.7 B17 2012
_wDEWEY
_c1
_iFJ06106
_d2019-9-10
_f2022-1-25
_g3
_lCCODEBUJ1
_mBUJ
_p38.00
_q1
_r0
_sY
_tBOOK
_u2015-9-15
_xSALUD
_zP22
_0COMPRA
_o.STAFF. Colección General Juliaca
980 _81
_gALBERTO SANCHEZ Responsable de Automatización